header

Robust design (Record no. 151808)

MARC details
000 -LEADER
fixed length control field 01436nam a2200349 a 4500
082 04 - DEWEY DECIMAL CLASSIFICATION NUMBER
Classification number 003
245 00 - TITLE STATEMENT
Title Robust design
260 ## - PUBLICATION, DISTRIBUTION, ETC. (IMPRINT)
Place of publication New York :
Name of publisher Oxford University Press,
Year of publication c2005.
300 ## - PHYSICAL DESCRIPTION
Number of Pages x, 295 p. :
Other physical details ill.
490 1# - SERIES STATEMENT
Series statement Santa Fe Institute studies in the sciences of complexity
650 #0 - SUBJECT ADDED ENTRY--TOPICAL TERM
Topical Term System theory.
Topical Term Robust control.
Topical Term Adaptation (Biology)
700 1# - ADDED ENTRY--PERSONAL NAME
Personal name Jen, Erica.
856 40 - ELECTRONIC LOCATION AND ACCESS
Uniform Resource Identifier http://site.ebrary.com/lib/rucke/Doc?id=10233649

No items available.

© 2026 Rongo University
Contact us: librarian | system librarian | Rongo university